La pintura francesa (Record no. 186945)

MARC details
000 -LEADER
campo de control de longitud fija 01126nam a2200289 i 4500
001 - NÚMERO DE CONTROL
campo de control 186945
003 - IDENTIFICADOR DE NÚMERO DE CONTROL
campo de control SpMaBN
005 - FECHA Y HORA DE LA ÚLTIMA TRANSACCIÓN
campo de control 20230906222758.0
008 - DATOS DE LONGITUD FIJA--INFORMACIÓN GENERAL
campo de control de longitud fija 170306s1958 sp a |||| |dspa d
080 ## - NÚMERO DE LA CLASIFICACIÓN DECIMAL UNIVERSAL
Número de la Clasificación Decimal Universal 75.036(44)
100 1# - ENTRADA PRINCIPAL--NOMBRE DE PERSONA
Nombre de persona Dorival, Bernard.
9 (RLIN) 45407
245 13 - MENCIÓN DEL TÍTULO
Título La pintura francesa
Resto del título : pintores del siglo XX de la Escuela de París /
Mención de responsabilidad, etc. por Bernard Dorival ; traducción de Elisabeth Mulder.
246 34 - FORMA VARIANTE DEL TITULO
Título propio/Titulo breve Pintura francesa
Resto del título : los pintores del siglo XX
260 ## - PUBLICACIÓN, DISTRIBUCIÓN, ETC.
Lugar de publicación, distribución, etc. Madrid ;
-- Barcelona :
Nombre del editor, distribuidor, etc. Garriga,
Fecha de publicación, distribución, etc. [1958]
300 ## - DESCRIPCIÓN FÍSICA
Extensión 2 v. :
Otras características físicas il. col. ;
Dimensiones 24 cm.
490 1# - MENCIÓN DE SERIE
Mención de serie Colección "Pictura" ;
Designación de volumen o secuencia 6-7
500 ## - NOTA GENERAL
Nota general Índices.
504 ## - NOTA DE BIBLIOGRAFÍA, ETC.
Nota de bibliografía, etc. Bibliografía: p. 143-145 (v. 1), p. 173-175 (v. 2)
505 8# - NOTA DE CONTENIDO CON FORMATO
Nota de contenido con formato Contiene: I ;
Título Nabis. Fauves. Cubistas (149 p.) - II ;
-- Del cubismo al arte abstracto, 1914-1957 (179 p.)
599 ## - NOTA A LAS ILUSTRACIONES
NOTA A LAS ILUSTRACIONES Con lám. col. adheridas.
650 #7 - PUNTO DE ACCESO ADICIONAL DE MATERIA--TÉRMINO DE MATERIA
Término de materia o nombre geográfico como elemento de entrada Escuela de París.
9 (RLIN) 161969
650 #4 - PUNTO DE ACCESO ADICIONAL DE MATERIA--TÉRMINO DE MATERIA
Término de materia o nombre geográfico como elemento de entrada Pintura francesa-
Subdivisión cronológica S.XX.
9 (RLIN) 161970
700 1# - ENTRADA AGREGADA--NOMBRE PERSONAL
Nombre de persona Mulder, Elisabeth.
9 (RLIN) 84098
830 0# - PUNTO DE ACCESO ADICIONAL DE SERIE-TÍTULO UNIFORME
Título uniforme Colección "Pictura" ;
Designación de volumen o secuencia 6-7
9 (RLIN) 192706
852 ## - LOCALIZACIÓN
Ubicación ES-MaACL
Número de control de estantería L-31188-89
Nota libre - enc. tela
Holdings
Estatus retirado Estado de pérdida Estado de daño No para préstamo Biblioteca de origen Biblioteca actual Ubicación en estantería Fecha de adquisición Fuente de adquisición Total de préstamos Signatura topográfica completa Código de barras Visto por última vez Precio de reemplazo Tipo de ítem Koha
        Biblioteca del Ateneo de Madrid Biblioteca del Ateneo de Madrid Depósito 2 06/03/2017     L-31188-89 1197190 23/02/2023 23/02/2023 Libro impreso